000
00312 a2200145 4500
001
186713
020
_a
040
_c
Magnum
100
_a
Luquini, Joselma
240
1
0
_a
O descobrimento do Brasil
_l
por
245
1
0
_a
O descobrimento do Brasil
300
_a
30
697
_a
LITERATURA INFANTO
942
_c
BK
999
_c
186713
_d
186713